00705nam a2200193 a 45000010005000000030005000050050017000100080041000270400020000682450087000882600090001753000018002656500026002836500027003097100053003369420013003899990015004029520094004174089CDMR20131015115020.0130130s1960||||||||||||||||||||||||||||d aCDMRbcatcCDMR 0aAnuario de la Prensa Españolab: año V, volumen primero : diarios y semanarios aMadridc1960-61bMinisterio de Información y Turismo. Dirección General de Prensa a516 p.c21 cm0492742aPremsazEspanya0494071aEspanyavAnuaris1 94073aEspanyab -- Dirección General de Prensa cMON2udc c4089d4089 00104071aCDMRbCDMRd2013-01-16l0oDt 9/11pCDMR13108443r2013-01-16w2013-01-16yREF